Statistics for Germany EUROs Starting XIs

Click here to take the quiz!

General Stats

  • This quiz has been taken 221 times
  • The average score is 77 of 143

Answer Stats

HintAnswer% Correct
2020GKManuel Neuer
99%
2016GKManuel Neuer
99%
2012GKManuel Neuer
99%
1976STDieter Müller
96%
1972STGerd Müller
96%
2004GKOliver Kahn
96%
2000GKOliver Kahn
96%
2020AMThomas Müller
96%
2016RMThomas Müller
96%
2012RMThomas Müller
96%
1980CMHansi Müller
95%
2004LBPhilipp Lahm
94%
2012RBPhilipp Lahm
94%
2008LBPhilipp Lahm
94%
2020CBMats Hummels
93%
2012CBMats Hummels
93%
2016CBMats Hummels
93%
2008STMiroslav Klose
93%
2012DMBastian Schweinsteiger
91%
2008RMBastian Schweinsteiger
91%
2016RBJoshua Kimmich
90%
2020RMJoshua Kimmich
90%
2016CBJerome Boateng
89%
2012CBJerome Boateng
89%
2020STSerge Gnabry
87%
2012STMario Gomez
86%
2016STMario Gomez
86%
2016DMToni Kroos
85%
2020CMToni Kroos
85%
2020CBAntonio Rüdiger
83%
2012DMSami Khedira
83%
2016DMSami Khedira
83%
2016AMMesut Özil
82%
2012AMMesut Özil
82%
1972CBFranz Beckenbauer
79%
1976CBFranz Beckenbauer
79%
2020CMIlkay Gündogan
79%
2008GKJens Lehmann
78%
2008AMMichael Ballack
78%
2004AMMichael Ballack
78%
1984CMLothar Matthäus
77%
2000CBLothar Matthäus
77%
1988CMLothar Matthäus
77%
2008LMLukas Podolski
76%
2012LMLukas Podolski
76%
2020AMKai Havertz
75%
1996STJürgen Klinsmann
74%
1992STJürgen Klinsmann
74%
1988STJürgen Klinsmann
74%
1988STRudi Völler
73%
1984STRudi Völler
73%
2008CBPer Mertesacker
65%
1996CBMatthias Sammer
62%
1992CMMatthias Sammer
62%
1980RWKarl-Heinz Rummenigge
61%
1984STKarl-Heinz Rummenigge
61%
2016LBJonas Hector
60%
2004LMTorsten Frings
58%
1984GKToni Schumacher
57%
1980GKToni Schumacher
57%
2008CBChristoph Metzelder
55%
2016LMJulian Draxler
55%
2020LMRobin Gosens
55%
1976GKSepp Maier
55%
1972GKSepp Maier
55%
1984RWAndreas Brehme
52%
1988LMAndreas Brehme
52%
1992LMAndreas Brehme
52%
2020CBMatthias Ginter
52%
1996GKAndreas Köpke
50%
2004RBArne Friedrich
50%
2008RBArne Friedrich
50%
1972LBPaul Breitner
49%
1992CMStefan Effenberg
49%
1972RWUli Hoeneß
49%
1976LWUli Hoeneß
49%
2004RMBernd Schneider
48%
1992GKBodo Illgner
48%
1992CBJürgen Kohler
47%
1988CBJürgen Kohler
47%
2012LBHolger Badstuber
46%
2004STKevin Kuranyi
43%
2000AMMehmet Scholl
43%
1996AMThomas Häßler
43%
1992AMThomas Häßler
43%
2004DMDietmar Hamann
42%
2000CMDietmar Hamann
42%
1996CMAndreas Möller
41%
2000CMJens Jeremies
41%
1976RBBerti Vogts
40%
2000STCarsten Jancker
40%
1996LMChristian Ziege
40%
2000LMChristian Ziege
40%
1984LWKlaus Allofs
40%
1980LWKlaus Allofs
40%
1972CBGeorg Schwarzenbeck
37%
1976CBGeorg Schwarzenbeck
37%
1992CBGuido Buchwald
35%
2000CBJens Nowotny
35%
2004CBJens Nowotny
35%
2008DMThomas Hitzlsperger
35%
2004CBChristian Wörns
34%
1988AMPierre Littbarski
34%
1992STKarl-Heinz Riedle
33%
1996CBMarkus Babbel
30%
2000CBMarkus Babbel
30%
1996RMStefan Reuter
30%
1992RMStefan Reuter
30%
1984RBBernd Förster
29%
1980CMHans-Peter Briegel
29%
1984LBHans-Peter Briegel
29%
1980CBKarlheinz Förster
29%
1984CBKarlheinz Förster
29%
1996CBThomas Helmer
29%
1992CBThomas Helmer
29%
1976RWBernd Hölzenbein
28%
1976CMRainer Bonhof
28%
2008DMSimon Rolfes
28%
1972STJupp Heynckes
27%
1996STStefan Kuntz
27%
1972CMGünter Netzer
26%
1984CBUli Stielike
23%
1980CBUli Stielike
23%
2000STPaulo Rink
22%
2004DMFrank Baumann
21%
1988CMOlaf Thon
21%
2000RMSebastian Deisler
21%
1980CMBernd Schuster
20%
1996CMDieter Eilts
20%
1980STHorst Hrubesch
20%
1980RBManfred Kaltz
19%
1988GKEike Immel
15%
1984CMNorbert Meier
14%
1976LBBernard Dietz
10%
1980LBBernard Dietz
10%
1988CBUli Borowka
10%
1988RMWolfgang Rolff
10%
1972RBHorst-Dieter Höttges
9%
1972CMHerbert Wimmer
8%
1976CMHerbert Wimmer
8%
1988CBMatthias Herget
8%
1976CMErich Beer
6%
1972LWErwin Kremers
4%

Score Distribution

Percentile by Number Answered

Percent of People with Each Score

Your Score History

You have not taken this quiz